Normal view
MARC view
Entry Geographic Name
001 - CONTROL NUMBER
- control field: 21508
003 - CONTROL NUMBER IDENTIFIER
- control field: ARRUPE
005 - DATE AND TIME OF LATEST TRANSACTION
- control field: 20160118150253.0
008 - FIXED-LENGTH DATA ELEMENTS
- fixed length control field: 160118|| aca||aabn | a|a d
040 ## - CATALOGING SOURCE
- Original cataloging agency: ARRUPE
- Transcribing agency: ARRUPE
151 ## - HEADING--GEOGRAPHIC NAME
- Geographic name: Zambesi Mission
- General subdivision: History
670 ## - SOURCE DATA FOUND
- Source citation: Work cat.: (ARRUPE): Weisskopf, John 21506, Early days of the Jesuit Zambesi Mission 1880-1900, 2015